Codex Theodosianus / (Record no. 153155)

MARC details
000 -LEADER
campo de control de longitud fija 01335nam a22002655i 4500
001 - NÚMERO DE CONTROL
campo de control 153155
003 - IDENTIFICADOR DE NÚMERO DE CONTROL
campo de control ES-MaACL
005 - FECHA Y HORA DE LA ÚLTIMA TRANSACCIÓN
campo de control 20250723061843.0
008 - DATOS DE LONGITUD FIJA--INFORMACIÓN GENERAL
campo de control de longitud fija 971014s1740 it |||| | lat d
040 ## - FUENTE DE CATALOGACIÓN
Centro catalogador/agencia de origen AN
Lengua de catalogación spa
Centro/agencia transcriptor CCPB
130 0# - ENTRADA PRINCIPAL--TÍTULO UNIFORME
Título uniforme Codex Theodosianus.
9 (RLIN) 135263
245 10 - MENCIÓN DEL TÍTULO
Título Codex Theodosianus /
Mención de responsabilidad, etc. cum perpetuis commentariis Jacobi Gothofredi ... ; praemittuntur chronologia accuratior, chronicon historicum ... ; opus posthumum ... recognitum, & ordinatum ad usum Codicis Justinianei, opera, & studio Antonii Marvillii ...; tomus secundus.
250 ## - MENCION DE EDICION
Mención de edición Editio nova in VI tomos digesta, collata cum antiquissimo Codice MS. Wurceburgensi, & libri editis
Resto de la mención de edición iterum recognita, emendata, variorumque observationibus aucta, quibus adiecit suas Joan. Dan. Ritter ...
260 ## - PUBLICACIÓN, DISTRIBUCIÓN, ETC.
Lugar de publicación, distribución, etc. Mantuae ;
-- prostant Venetiis :
Nombre del editor, distribuidor, etc. apud Franciscum Pitteri,
Fecha de publicación, distribución, etc. 1740.
300 ## - DESCRIPCIÓN FÍSICA
Extensión [26], 675 p. ;
Dimensiones Fol.
595 ## -
-- Los datos de ed. preceden a "tomus secundus"
597 ## - NOTA DE DESCRIPCIÓN FÍSICA
NOTA DE DESCRIPCIÓN FÍSICA Sign.: []2, b-c4, d2, e1, A-Z4, 2A-2Z4, 3A-3Z4, 4A-4O4, 4P-4R2.
597 ## - NOTA DE DESCRIPCIÓN FÍSICA
NOTA DE DESCRIPCIÓN FÍSICA Port. con grab. xil.
650 07 - PUNTO DE ACCESO ADICIONAL DE MATERIA--TÉRMINO DE MATERIA
Término de materia o nombre geográfico como elemento de entrada Derecho romano
Fuente del encabezamiento o término embne
9 (RLIN) 11764
700 0# - ENTRADA AGREGADA--NOMBRE PERSONAL
Nombre de persona Godefroy, Jacques.
9 (RLIN) 57513
700 1# - ENTRADA AGREGADA--NOMBRE PERSONAL
Nombre de persona Marville, Antoine.
9 (RLIN) 129666
700 1# - ENTRADA AGREGADA--NOMBRE PERSONAL
Nombre de persona Ritter, Johann Daniel.
9 (RLIN) 131841
852 ## - LOCALIZACIÓN
Ubicación ES-MaACL
Número de control de estantería R-2037
Nota libre -- Enc. pasta española
Holdings
Estatus retirado Estado de pérdida Estado de daño No para préstamo Colección Biblioteca de origen Biblioteca actual Ubicación en estantería Fecha de adquisición Fuente de adquisición Total de préstamos Signatura topográfica completa Código de barras Visto por última vez Precio de reemplazo Tipo de ítem Koha
        Libros del s. XVIII Biblioteca del Ateneo de Madrid Biblioteca del Ateneo de Madrid Depósito 17/01/2008     R-2037 1160026 23/02/2023 23/02/2023 Libro impreso antiguo